| 000 | 01843cam a22004217a 4500 | ||
|---|---|---|---|
| 001 | 17829871 | ||
| 003 | OSt | ||
| 005 | 20150408114202.0 | ||
| 008 | 130729s2013 nyua 001 0 eng d | ||
| 010 | _a 2013434093 | ||
| 016 | 7 |
_a015868521 _2Uk |
|
| 020 | _a9780071776202 | ||
| 020 | _a0071776206 | ||
| 035 | _a(OCoLC)ocn721905306 | ||
| 040 |
_aBTCTA _beng _cBTCTA _dUKMGB _dYDXCP _dBDX _dBWX _dLPU _dDLC |
||
| 042 | _alccopycat | ||
| 050 | 0 | 0 |
_aQA76.9.A25 _b.C66755 2013 |
| 082 | 0 | 0 |
_a005.8 _223 _bCWC |
| 100 | 1 |
_aConklin, Wm. Arthur _q(William Arthur) _918461 |
|
| 245 | 1 | 0 |
_aCASP CompTIA advanced security practitioner certification study guide (Exam CAS-001) / _cWm. Arthur Conklin, Gregory White, Dwayne Williams. |
| 246 | 3 | 0 | _aCompTIA advanced security practitioner certification study guide |
| 260 |
_aNew York : _bMcGraw-Hill, _cc 2013. |
||
| 300 |
_axi, 647 p. : _bill. ; _c24 cm. + _e1 CD-ROM (4 3/4 in.) |
||
| 500 | _a"Exam CAS-001"-- cover. | ||
| 500 | _aIncludes index. | ||
| 610 | 2 | 0 |
_aComputing Technology Industry Association _xExaminations _vStudy guides. _941306 |
| 650 | 0 |
_aComputer security _xExaminations _vStudy guides. _98453 |
|
| 650 | 0 |
_aElectronic data processing personnel _xCertification _vStudy guides. _97735 |
|
| 700 | 1 |
_aWhite, Gregory. _941926 |
|
| 700 | 1 |
_aWilliams, Dwayne. _941927 |
|
| 856 | 4 | 2 |
_3Contributor biographical information _uhttp://www.loc.gov/catdir/enhancements/fy1317/2013434093-b.html |
| 856 | 4 | 2 |
_3Publisher description _uhttp://www.loc.gov/catdir/enhancements/fy1317/2013434093-d.html |
| 856 | 4 | 1 |
_3Table of contents only _uhttp://www.loc.gov/catdir/enhancements/fy1317/2013434093-t.html |
| 906 |
_a7 _bcbc _ccopycat _d2 _encip _f20 _gy-gencatlg |
||
| 942 |
_2ddc _cDVD |
||
| 999 |
_c33080 _d267580 |
||